00450nam a2200157 a 45000010005000000030005000050050017000100080041000270200015000680400020000832450082001032460035001852600030002203000011002506500031002614966CDMR20131213161540.0130130s1975||||||||||||||||||||||||||||d a8472450708 aCDMRbcatcCDMR 0aL'Expressb : coversaciones sobre la nueva culturacRonald Barthes...[et al.] aL'Express va plus loin avec... aBarcelonac1975bKairós a397 p.04aIntel·lectualsxIntervius